Statistiques concernant Culture Générale - Série 428

Cliquez ici pour prendre le quiz!

Statistiques générales

  • Ce quiz a été pris 450 fois
  • Le résultat moyen est 9 sur 10

Statistiques - réponses

QuestionRéponse% Correct
A quel pays doit-on le style de bande dessinée appelé "manga" ?Japon
100%
Quel animal a inspiré le fameux bonnet qu'on mettait sur la tête des cancres ?âne
99%
De quel mot "manif" est-il l'abréviation ?manifestation
99%
Dans le sigle P.D.G, de quel mot le D est-il l'initiale ?directeur
96%
Quel nom de moustique désigne aussi le fils du frère de ma mère ?cousin
94%
Quand on ressent une profonde tristesse, l'expression dit qu'"on en a gros sur la ...patate
94%
Selon la fable de Jean de La Fontaine, quelle plante plie et ne rompt pas ?roseau
83%
Quel double champion olympique de judo français a pour nom un synonyme de "confortable et moelleux" ?David Douillet
80%
A quel DJ français prénommé Martin doit-on le tube "Jealousy" ?Solveig
61%
Dans quel sport le Français Jackson Richardson a-t-il été le meilleur joueur du monde ?handball
60%

Distribution des résultats

Percentile par nombre de réponses

% des personnes avec chaque résultat

Votre développement - résultats

Vous n’avez pas pris ce quiz